country longest border By:Max - Statistics

General Stats
  • This quiz has been taken 9 times
  • The average score is 19 of 20
Answer Stats
Hint Answer % Correct
Denmark Germany
100%
UK Ireland
100%
China Mongolia
100%
South Korea North korea
100%
Spain Portugal
100%
Finland Russia
100%
Norway Sweden
100%
Myanmar Thailand
100%
Moldova Ukraine
100%
Canada USA
100%
France Brazil
88%
Nepal India
88%
Iraq Iran
88%
Russia Kazakhstan
88%
Indonesia Malaysia
88%
Czech Republic Poland
88%
Ethiopia Somalia
88%
Laos Vietnam
88%
Cambodia Vietnam
88%
Chad Sudan
75%
No matching quizzes found
Score Distribution
Percent of People with Each Score
Percentile by Number Answered
Your Score History
You have not taken this quiz